अमर वीरांगना लक्ष्मीबाई / (Record no. 74558)
[ view plain ]
| 000 -LEADER | |
|---|---|
| fixed length control field | 01251nam a22002297a 4500 |
| 005 - DATE AND TIME OF LATEST TRANSACTION | |
| control field | 20180406125415.0 |
| 010 ## - LCCN (DPL NO) | |
| LC control number | HIN-98792 B-690286-287 |
| 020 ## - INTERNATIONAL STANDARD BOOK NUMBER | |
| Terms of availability | 200.00 |
| International Standard Book Number | 9788188926176 |
| 035 ## - SYSTEM CONTROL NUMBER | |
| System control number | HN-71138 |
| 035 ## - SYSTEM CONTROL NUMBER | |
| System control number | B-690286-287 |
| 037 ## - SOURCE OF ACQUISITION | |
| Source of stock number/acquisition | DBAD / PUB |
| 037 ## - SOURCE OF ACQUISITION | |
| Source of stock number/acquisition | कृतिका बुक्स |
| 082 ## - DEWEY DECIMAL CLASSIFICATION NUMBER | |
| Classification number | 920 |
| 100 ## - MAIN ENTRY--PERSONAL NAME | |
| Personal name | वर्मा,मनोहर |
| 245 ## - TITLE STATEMENT | |
| Title | अमर वीरांगना लक्ष्मीबाई / |
| Statement of responsibility, etc | मनोहर वर्मा |
| 260 ## - PUBLICATION, DISTRIBUTION, ETC. (IMPRINT) | |
| Name of publisher, distributor, etc | नवसाक्षर प्रकाशन |
| Date of publication, distribution, etc | 2017 |
| Place of publication, distribution, etc | दिल्ली |
| 270 ## - ADDRESS | |
| City | दिल्ली |
| Address | 1/11437, सुभाष पार्क एक्स. गली न.2,नवीन शहादरा |
| Postal code | 110032 |
| Telephone number | |
| 300 1# - PHYSICAL DESCRIPTION | |
| Extent | 104पृ. |
| Dimensions | 22सेमी (सजिल्द) |
| 500 ## - GENERAL NOTE | |
| General note | बलिदानी पुस्तक |
| 942 ## - ADDED ENTRY ELEMENTS (KOHA) | |
| Institution code [OBSOLETE] | dpl |
| Item type | Hindi Books |
| Source of classification or shelving scheme | Dewey Decimal Classification |
| Call number suffix | वर्माम |
| Classification part | 920 |
| Withdrawn status | Lost status | Not for loan | Collection code | Home library | Current library | Date acquired | Source of acquisition | Cost, normal purchase price | Full call number | Barcode | Copy number | Cost, replacement price | Koha item type | Public note |
|---|---|---|---|---|---|---|---|---|---|---|---|---|---|---|
| Non-fiction | Central Library | Central Library | 06/04/2018 | कृतिका बुक्स/997/05-03-18/814/20-02-18/06-03-18 | 200.00 | 920 वर्माम | B-690286 | 1 | 200.00 | Hindi Books | बलिदानी | |||
| Not For Loan | Non-fiction | D.B.Act.Division | D.B.Act.Division | 15/04/2013 | DBAD/PUB | 200.00 | 920 लक्ष्मीबा | HN-71138 | 1 | 200.00 | Hindi Books | |||
| Non-fiction | Sarojini Nagar | Sarojini Nagar | 06/04/2018 | कृतिका बुक्स/997/05-03-18/814/20-02-18/06-03-18 | 200.00 | 920 वर्माम | B-690287 | 1 | 200.00 | Hindi Books | बलिदानी |
